Gramática mapuche bilingüe

Guardat en:
Dades bibliogràfiques
Autor principal: Fray, Félix José de Augusta
Format: Llibre
Idioma:espanyol
Publicat: Seneca. 1990.
Matèries:
Etiquetes: Afegir etiqueta
Sense etiquetes, Sigues el primer a etiquetar aquest registre!

MARC

LEADER 00000nam a22000005a 4500
001 4238
003 CL-ChBUA
005 20120815102847.0
008 070301s1990 cl 000 0 spa
040 |a CL-ChBUA  |c CL-ChBUA 
082 0 0 |a 465.983 
090 |c 4238  |d 4238 
100 1 |a Fray, Félix José de Augusta. 
245 1 0 |a Gramática mapuche bilingüe 
260 |b Seneca.  |c 1990. 
300 |a 344 p.  |c 20 cm. 
504 |a Indice. 
650 4 |a GRAMATICA (CHILE). 
650 4 |a GAMATICA MAPUCHE. 
942 |c LIB 
952 |0 0  |1 0  |4 0  |7 0  |9 6255  |a UNACH  |b UNACH  |c 400  |d 2007-03-05  |i 25.963.  |l 0  |o 465.983 / F 316.  |p 7254  |r 2026-03-13 11:49:48  |u 6255  |w 2012-08-08  |y LIB  |k 465.983 / F 316. 
999 |c 4238  |d 4238